000
00288nam a2200097Ia 4500
008
220204s9999 xx 000 0 und d
082
_a
633.73:061(047)
_b
COF
245
0
_a
Coffee board research department: 24th annual report. 1970-71
260
_a
Mysore
_b
Central research inst
942
_c
BK
999
_c
21916
_d
21916